Loading...

Monocultures of the mind: biodiversity, biotechnology and the third world/

Bibliografiske detaljer
Hovedforfatter: Vandana Shiva
Format: Printed Book
Udgivet: Malaysia: Third World Network, 1995.
Fag:
LEADER 00739nam a22001691a 4500
020 |a 9789839747041 
082 |a 660.6  |b VAN/M 
100 |a Vandana Shiva   |9 156789 
245 |a Monocultures of the mind:  |b biodiversity, biotechnology and the third world/  |c by Vandana Shiva  
260 |a Malaysia:  |b Third World Network,  |c 1995. 
300 |a 184p. 
650 |a Chemical Engineering  |9 156790 
650 |a Biotechnology  |9 156791 
942 |c BK 
999 |c 29351  |d 29351 
952 |0 0  |1 0  |4 0  |6 660_600000000000000_VAN_M  |7 0  |9 42206  |a SSUS  |b SSUS  |d 2015-01-08  |g 222.00  |o 660.6 VAN/M  |p 024348  |r 2015-01-08  |v 0.00  |w 2015-01-08  |y BK 
952 |0 0  |1 0  |4 0  |6 660_600000000000000_VAN_M  |7 0  |9 42207  |a SSUS  |b SSUS  |d 2015-01-08  |g 250.00  |o 660.6 VAN/M  |p 026357  |r 2015-01-08  |v 0.00  |w 2015-01-08  |y BK